| 000 | 00582nam a2200193 a 4500 | ||
|---|---|---|---|
| 005 | 20140310183403.0 | ||
| 008 | 121010s19uu xx 00 eng d | ||
| 020 | _a9780857021489 | ||
| 050 |
_aLC 4704 _b.T882 2011 |
||
| 100 | _aTutt, Rona | ||
| 245 |
_aPartnership working to support special educational needs and disabilities / _cRona Tutt. |
||
| 260 |
_aLondon, UK : _bSage Publications Ltd, _c2011. |
||
| 300 |
_axiii, 125 p. : _c29 cm. |
||
| 521 | _aEDU | ||
| 650 | _aSpecial education | ||
| 650 | _aMainstreaming in education | ||
| 942 |
_cBK _2lcc _kFOR |
||
| 999 |
_c22357 _d22357 |
||